AC Milan 2007 Champions League winning starting 11 and subs - Statistics

General Stats
  • This quiz has been taken 201 times
  • The average score is 12 of 18
Answer Stats
Answer % Correct
Dida
98%
Kaka
96%
Maldini
96%
Inzaghi
93%
Nesta
93%
Pirlo
92%
Seedorf
89%
Gattuso
88%
Cafu
74%
Ambrosini
65%
Jankulovski
56%
Gilardino
52%
Oddo
51%
Kaladze
50%
Serginho
46%
Kalac
32%
Brocchi
23%
Favalli
22%
No matching quizzes found
Score Distribution
Percent of People with Each Score
Percentile by Number Answered
Your Score History
You have not taken this quiz